000
00338nam a2200145Ia 4500
008
230718s9999 xx 000 0 und d
041
_a
Eng.
082
_a
34203
_b
MAL-C
100
_a
Malik, M.A
245
0
_a
Constitution of united states
260
_a
Pakistan
_b
P.L.D publisher
_c
2003
300
_a
198
650
_a
Law
999
_c
28519
_d
28519